000 00326nam a22001097a 4500
082 _a004
100 _aसंतोष चौबे
245 _aसाइबर सुरक्षा परिचय
260 _aभोपाल
_bआईसेक्ट
_c2024
650 _aकंप्यूटर
_947918
942 _cC. BOOKS
999 _c68774
_d68774